000 00622nam a2200217Ia 4500
005 20240426140136.0
008 131103s9999 xx 000 0 und d
020 _a8176485578
_cRs.495.00
040 _aLoreto College
041 _aEnglish
082 _a371.3
_bSIN
100 _aSingh, Y.K.
245 _aMicro Teaching
_cY.K.Singh, Edited by Archnesh Sharma
260 _aNew Delhi
_bAPH Publishing Corporation
_c2010
300 _aix,253p.
504 _aIncludes bibliographical references
650 _aTeaching methods-micro teaching
700 _aSharma, Archnesh., ed.
850 _aLCBED
942 _cBK
999 _c36985
_d87464